Những phát hiện mới về khảo cổ học năm 1992

Shranjeno v:
Bibliografske podrobnosti
Format: Knjiga
Jezik:Undetermined
Izdano: Hà nội Viện Khảo cổ học 1993
Teme:
Oznake: Označite
Brez oznak, prvi označite!
Thư viện lưu trữ: Trung tâm Học liệu Trường Đại học Cần Thơ
LEADER 00446nam a2200145Ia 4500
001 CTU_10628
008 210402s9999 xx 000 0 und d
082 |a 930.102 
082 |b Nh556/1992 
245 0 |a Những phát hiện mới về khảo cổ học năm 1992 
260 |a Hà nội 
260 |b Viện Khảo cổ học 
260 |c 1993 
650 |a archaeology 
980 |a Trung tâm Học liệu Trường Đại học Cần Thơ